[Event "Bay Area International 2014"]
[Site "Santa Clara USA"]
[Date "2014.01.03"]
[Round "2.17"]
[White "Gerzhoy,L"]
[Black "Wheeler,Cameron"]
[Result "1/2-1/2"]
[WhiteElo "2481"]
[BlackElo "2192"]

1.d4 d5 2.c4 c6 3.Nc3 Nf6 4.e3 e6 5.Nf3 Nbd7 6.Qc2 Bd6 7.Bd3 O-O 8.O-O dxc4
9.Bxc4 e5 10.h3 Qe7 11.a3 Bc7 12.Ba2 exd4 13.exd4 Nb6 14.Bg5 Qd6 15.Rfe1 Nbd5
16.Ne5 Be6 17.Bxd5 Nxd5 18.Bh4 Nxc3 19.bxc3 f6 20.Nf3 Qd5 21.Nd2 Rfe8 22.Nf1 c5
23.Bg3 Bxg3 24.Nxg3 cxd4 25.cxd4 Qxd4 26.Rad1 Qb6 27.Re3 Rac8 28.Qa4 Bf7
29.Rde1 Rxe3 30.Rxe3 h5 31.Kh2 Qd6 32.Re4 Rc3 33.Qxa7 Rxa3 34.Qxb7 Rc3 35.h4 Qc7
36.Qb4 Rc4 37.Rxc4 Bxc4 38.Qd2 Bf7 39.Kg1 Qe5 40.Nf1 Qe4 41.Qd8+ Kh7 42.Qc7 Bg6
43.Qg3 Qb1 44.f3 Bd3 45.Qf2 Kg6 46.g3 Kf5 47.Kg2 Bxf1+ 48.Qxf1  1/2-1/2

[Event "TCh-NED Meesterklasse 2013-14"]
[Site "Netherland NED"]
[Date "2014.01.04"]
[Round "4.3"]
[White "Michiels,B"]
[Black "Van Delft,M"]
[Result "1/2-1/2"]
[WhiteElo "2505"]
[BlackElo "2426"]

1.d4 d5 2.c4 c6 3.Nf3 Nf6 4.e3 e6 5.Nc3 Nbd7 6.Qc2 b6 7.Bd3 Bb7 8.O-O Be7
9.Rd1 Qc7 10.b3 O-O 11.Bb2 h6 12.Rac1 Rac8 13.Qe2 Qb8 14.e4 dxe4 15.Nxe4 c5
16.Nxf6+ Bxf6 17.Ne5 Nxe5 18.dxe5 Bg5 19.Rb1 Rfd8 20.Bc3 Qc7 21.Bc2 Rxd1+
22.Rxd1 Rd8 23.Rxd8+ Qxd8 24.g3 Qd7 25.f3 h5 26.Kf2 g6 27.Ke1 Qc6 28.Be4 Qd7
29.h3 Kg7 30.Bxb7 Qxb7 31.Qd3 Kf8 32.Ke2 Ke8 33.a3 a5 34.Bd2 Be7 35.Be3 Bd8
36.Bh6 Qd7 37.Qe4 a4 38.bxa4 Qxa4 39.Qd3 Be7 40.Bg7 b5 41.cxb5 c4 42.Qb1 c3
43.Kd3 c2 44.Qxc2 Qxb5+ 45.Kd2 Qd7+ 46.Ke2 Bxa3 47.Qb3 Be7 48.g4 hxg4 49.hxg4 Qc6
50.Qb8+ Kd7 51.Qa7+ Ke8 52.Qb8+ Kd7 53.Qa7+  1/2-1/2

[Event "TCh-NED Meesterklasse 2013-14"]
[Site "Netherland NED"]
[Date "2014.01.04"]
[Round "4.1"]
[White "Kunin,V"]
[Black "Kuipers,S"]
[Result "1-0"]
[WhiteElo "2545"]
[BlackElo "2420"]

1.d4 d5 2.c4 c6 3.Nf3 Nf6 4.Nc3 e6 5.e3 Nbd7 6.Qc2 b6 7.b3 Bb7 8.Be2 Be7
9.O-O O-O 10.Bb2 Rc8 11.Rad1 Qc7 12.e4 dxe4 13.Nxe4 Nxe4 14.Qxe4 c5 15.Qe3 Bf6
16.Rd2 Bxf3 17.Bxf3 cxd4 18.Bxd4 Bxd4 19.Rxd4 Rfd8 20.Rfd1 Nc5 21.b4 Rxd4
22.Qxd4 e5 23.Qg4 Ne6 24.Bd5 Re8 25.g3 g6 26.h4 h5 27.Qe4 Kg7 28.Qe3 Re7
29.Bxe6 Rxe6 30.c5 bxc5 31.bxc5 Rc6 32.Rd5 Re6 33.Kh2 Qe7 34.Rd6 Rxd6 35.cxd6 Qxd6
36.Qxa7 Qd2 37.a4 e4 38.Kg2 Qd5 39.Qe3 Kh7 40.Kh2 Kg8 41.Qe1 Kh7 42.Kg1 Qd4
43.a5 Qa4 44.Qd2 Qa1+ 45.Kg2 Qa3 46.Qd5 Kg7 47.Qd4+ Kg8 48.Qd8+ Kg7 49.Qb6 Qf3+
50.Kh2 Qe2 51.Qe3 Qf1 52.Qxe4 Qxf2+ 53.Qg2 Qf6 54.Qa2 Qa6 55.Qb2+ Kh7 56.Qe5 Qf1
57.Qb2 Qa6 58.Qd2 Qf1 59.Qa2 Qa6 60.Qxf7+ Kh6 61.Qf4+ Kh7 62.Qd2 Kg7 63.Kg1 Kh7
64.Qd7+ Kh6 65.Qd8 Kh7 66.Kf2 Qe6 67.Qc7+ Kh6 68.Qc3 Kh7 69.Qc5 Qa2+ 70.Ke3 Qb3+
71.Kf4 Qf7+ 72.Kg5 Kg7 73.Qe5+ Kh7 74.a6 Qd7 75.Kf6 Qc6+ 76.Kf7 Qf3+ 77.Ke7 Qa3+
78.Qd6 Qe3+ 79.Kd8 Qf2 80.Kc8 Qg1 81.Qc7+ Kh6 82.a7 Qa1 83.Qf4+ Kh7 84.Qf7+ Kh6
85.Qf8+ Kh7 86.Qe7+ Kh8 87.Qb7 Qc3+ 88.Qc7 Qa3 89.Qb8 Kh7 90.Qb7+ Kh6 91.a8=Q Qf8+
92.Kc7 Qe7+ 93.Kb8 Qd6+ 94.Qc7 Qf8+ 95.Kb7 Qb4+ 96.Qb6 Qe7+ 97.Kc8 Qf8+ 98.Qd8 Qf5+
99.Kc7 Qe5+ 100.Qd6 Qg7+ 101.Kc6 Qc3+ 102.Kd7 Qg7+ 103.Ke8 Qb7 104.Qf4+  1-0

[Event "26th Staufer-Open A 2014"]
[Site "Schwaebisch Gmuend GER"]
[Date "2014.01.05"]
[Round "7.18"]
[White "Richter,Gera"]
[Black "Dimitrijevic,A"]
[Result "0-1"]
[WhiteElo "2101"]
[BlackElo "2276"]

1.d4 d5 2.c4 c6 3.Nf3 Nf6 4.Nc3 e6 5.e3 Nbd7 6.Qc2 Bd6 7.b3 O-O 8.Be2 e5
9.cxd5 cxd5 10.dxe5 Nxe5 11.Nxe5 Bxe5 12.f4 Bxc3+ 13.Qxc3 Ne4 14.Qd4 Qh4+
15.g3 Nxg3 16.Kd2 Nxe2  0-1

[Event "26th Staufer-Open A 2014"]
[Site "Schwaebisch Gmuend GER"]
[Date "2014.01.05"]
[Round "8.28"]
[White "Flach,E"]
[Black "Jussupow,N"]
[Result "0-1"]
[WhiteElo "2153"]
[BlackElo "2114"]

1.c4 Nf6 2.d4 c6 3.Nc3 d5 4.e3 e6 5.Nf3 Nbd7 6.Qc2 b6 7.Bd3 Bb7 8.O-O Be7
9.b3 O-O 10.Bb2 h6 11.Rac1 Rc8 12.Rfd1 Qc7 13.Qe2 Qb8 14.Bb1 Rfd8 15.e4 dxe4
16.Ne5 c5 17.Nxd7 Rxd7 18.d5 exd5 19.Nxd5 Bxd5 20.cxd5 Qf4 21.g3 Qf5 22.f3 Rxd5
23.fxe4 Rxd1+ 24.Rxd1 Qe6 25.Qc2 Nd7 26.e5 Nf8 27.Qf2 Rd8 28.Bd3 c4 29.Bc2 Rxd1+
30.Bxd1 Bc5 31.Bd4 Qd5 32.Bxc5 Qxd1+ 33.Qf1 Qxf1+ 34.Kxf1 bxc5 35.bxc4 Nd7  0-1